Arthur's fire drill / (Record no. 4794)

MARC details
000 -LEADER
fixed length control field 00800nam a22002897a 4500
001 - CONTROL NUMBER
control field 4794
003 - CONTROL NUMBER IDENTIFIER
control field FISKH
005 - DATE AND TIME OF LATEST TRANSACTION
control field 20241014121307.0
008 - FIXED-LENGTH DATA ELEMENTS--GENERAL INFORMATION
fixed length control field 241014b cb ||||| |||| 00| 0 eng d
020 ## - INTERNATIONAL STANDARD BOOK NUMBER
International Standard Book Number 9780679884767
040 ## - CATALOGING SOURCE
Original cataloging agency FISKH
Language of cataloging eng
Transcribing agency FISKH
Modifying agency FISKH
050 ## - LIBRARY OF CONGRESS CALL NUMBER
Classification number PZ7.B81618
082 ## - DEWEY DECIMAL CLASSIFICATION NUMBER
Classification number 514
100 ## - MAIN ENTRY--PERSONAL NAME
Personal name Brown, March
Dates associated with a name (1946–)
245 ## - TITLE STATEMENT
Title Arthur's fire drill /
Statement of responsibility, etc. March Brown
250 ## - EDITION STATEMENT
Edition statement 2000
260 ## - PUBLICATION, DISTRIBUTION, ETC.
Place of publication, distribution, etc. New York :
Name of publisher, distributor, etc. Random House,
Date of publication, distribution, etc. 2000.
300 ## - PHYSICAL DESCRIPTION
Extent 28 pages :
Other physical details Color illustrations ;
Dimensions 23 cm
505 ## - FORMATTED CONTENTS NOTE
Formatted contents note L<br/>
520 ## - SUMMARY, ETC.
Summary, etc. Arthur helps ease D.W.'s fire fears by practicing fire drills at home.
521 8# - TARGET AUDIENCE NOTE
Target audience note 510L<br/>
Source Lexile<br/>
521 8# - TARGET AUDIENCE NOTE
Target audience note L<br/>
Source Raz-Plus<br/>
650 ## - SUBJECT ADDED ENTRY--TOPICAL TERM
Source of heading or term Fire drill
Topical term or geographic name entry element Safety
651 ## - SUBJECT ADDED ENTRY--GEOGRAPHIC NAME
Source of heading or term Fiction
Geographic name Firefighters
942 ## - ADDED ENTRY ELEMENTS (KOHA)
Source of classification or shelving scheme Dewey Decimal Classification
Koha item type Books
Suppress in OPAC No
Holdings
Withdrawn status Lost status Source of classification or shelving scheme Damaged status Not for loan Collection Home library Current library Shelving location Date acquired Total Checkouts Full call number Barcode Date last seen Date last checked out Copy number Price effective from Koha item type
    Library of Congress Classification     Fiction Footprints International School Library Network Toul Kork Campus Footprints International School Library Network Toul Kork Campus TK Primary Library Room(4th Floor), Bookcase 3&4, Shelves 17-32, Yellow Books 10/14/2024 1 BRO 514 PZ7.B81618 2024-2140 03/25/2026 12/10/2025 1 10/14/2024 Books